000 00910nam0a2200265 4500
001 RU\NLR\bibl\1053815
005 20250615034843.0
010 _a5-7024-2204-x
_935000
021 _aRU
_b2007-1903
_989
035 _a(NLR Aleph) 001041115
090 _a819241
_c819241
100 _a20070305d2007 |||y0rusy50 ca
101 1 _arus
_cund
102 _aRU
105 _ay |||||||||
200 1 _aВоплощение соблазна
_eроман
_e[перевод]
_fВиктория Шарп
210 _aМосква
_cПанорама
_d2007
215 _a189, [1] с.
_d17
225 1 _aПанорама романов о любви
_eпериодический литературно-художественный альманах
_v07-044
700 1 _aШарп
_bВ.
_gВиктория
_4070
801 0 _aRU
_bNLR
_c20070305
_gRCR
801 1 _aRU
_bNLR
_c20070305
942 _cBOOK
980 _aNB